000 00639nam a2200217Ia 4500
005 20250508164456.0
008 008 250505s9999 xx 000 0 eng d
037 _aTextual
040 _aFEDL
_beng
_cFEDL
041 _aeng
_2eng
084 _a305.40954, VYA
_qFEDL
100 _aVyas Anju Co.
_9778249
245 0 _aWomen's studies in India : Information sources, services and programmes
260 _aNew Delhi, India
_bSage Publications
_c1993
300 _a257p.
365 _aINR
_b25
650 _aWomen
700 _a Sunita Singh
_9778250
942 _cTEXL
_h305.40954, VYA
999 _c1389318
_d1389318